Tráfego A - Statistics

Estatísticas Gerais
  • Esse quiz foi jogado 6 vezes
  • A pontuação média é 3 de 12
Estatísticas das Respostas
Hint Resposta % Correto
1º ___ durante ___ minuto inicia curva padrão pra ___ 5" antecedência (___)
160 - 1 - esquerda - 00:55
75%
3º ___em curva pra ___ 1' - direita
75%
10º ___ em curva padrão pra ___ 1' - direita
75%
11º aos ___ minutos, ___asa e anv a ___durante ___ 10 - nivela - 110 - 1'
25%
2º ___em curva padrão pra ___, ___ na___
curva pra ___ com 5" antecedência (___)
15" - esquerda - 45" - reta - direita - 01:55
25%
9º com___ minutos ___ ___ft/min em ___ durante ___, curva pra ___com ___ 8 - flape DEC - 500 - descida - 1' - direita - 08:55
25%
12º ___nos ___minutos. arremete - 11
25%
6º ___ em curva padrão pra___, ___ na ___, mais ___ em curva padrão pra ___(curva___) 15" - direita - 30" - reta - 15" - esquerda - 05:40
0%
7º ___ em curva padrão pra ___ 1' - esquerda
0%
4º aos ___ minutos, na ___, reduz pra ___ e fica ___reto, ___ (curva___) em curva padrão pra ___ 3 - reta - 120 - 45" - 15" - 03:40 - direita
0%
5º aos ____ minutos, ___ na reta a ___, curva pra ___ ___ aumentando pra ____ 4 - 1' - 120 - direita - 04:55 - 140
0%
8º aos ___ minutos, ___asa, reduz pra___ com___ durante ___ 7 - nivela - 110 - trem baixado - 1'
0%
Nenhum quiz correspondente encontrado
Distribuição das Pontuações
Porcentagem de Pessoas com Cada Pontuação
Percentil de Números Respondidos
Sua Pontuação Histórica
Você não jogou esse quiz